| 000 | 00404nam a22001337a 4500 | ||
|---|---|---|---|
| 082 |
_a297.64 _bTAZ |
||
| 245 |
_aTazkarah-i ammat Muṣt̤afa al-ma ruf Rasul Allah ki phuphiyan / _cMuhammad Zaman Saidi Riẓvi |
||
| 260 |
_aPakistan: _bMadina Foundation; _c2021. |
||
| 300 | _a128p. | ||
| 563 | _aPB | ||
| 650 |
_aAhle Bait _9118636 |
||
| 700 |
_aSaidi Riẓvi, Muhammad Zaman _9119649 |
||
| 942 |
_2ddc _cBK |
||
| 999 |
_c606818 _d606818 |
||